000 00602nam a2200181 i 4500
001 56487
003 ES-MaACL
005 20230906163400.0
007 t|
008 031009s1929 cu ||||1| spa d
100 1 _aDihigo y Mestre, Juan Miguel.
_944805
245 1 0 _aJosé Antonio Echeverría /
_cdiscurso leído por el académico Juan Miguel Dihigo y Mestre.
260 _aLa Habana :
_bAvisador Comercial,
_c1929.
300 _a26 p. ;
_c28 cm.
500 _aPrecede al tít.: Academia de la Historia de Cuba.
710 2 _aAcademia de la Historia de Cuba.
_91183
852 _aES-MaACL
_j1725-F-18
999 _c56487
_d56487